Rol de seguridad de la Armada de República Dominicana en la protección de la explotación de los recursos pesqueros, provincia Puerto Plata, período 2020-2024 / (Registro nro. 8570)
[ vista simple ]
| 000 -CABECERA | |
|---|---|
| campo de control de longitud fija | 03238nam a22002777a 4500 |
| 003 - IDENTIFICADOR DEL NÚMERO DE CONTROL | |
| campo de control | DO-SdBJH |
| 005 - FECHA Y HORA DE LA ÚLTIMA TRANSACCIÓN | |
| campo de control | 20260220214755.0 |
| 008 - DATOS DE LONGITUD FIJA--INFORMACIÓN GENERAL | |
| campo de control de longitud fija | 260128b2025 |||bd||| |||| 00| 0 spa d |
| 040 ## - FUENTE DE LA CATALOGACIÓN | |
| Centro catalogador/agencia de origen | DO-SdBJH |
| Lengua de catalogación | spa |
| Centro/agencia transcriptor | DO-SdBJH |
| 041 0# - CÓDIGO DE LENGUA | |
| Código de lengua del texto/banda sonora o título independiente | spa |
| 090 ## - LOCALMENTE ASIGNADO TIPO-LC NÚMERO DE CLASIFICACIÓN (OCLC); NÚMERO DE CLASIFICACIÓN LOCAL (RLIN) | |
| Número de clasificación (OCLC) (R) ; Numero de clasificación, CALL (RLIN) (NR) | CT MA-SDN 0012 |
| Número cutter local (OCLC) ; Número de libro/Signatura topográfica íntegra, CALL (RLIN) | EGAEE 2025 |
| 100 1# - ENTRADA PRINCIPAL--NOMBRE DE PERSONA | |
| Nombre de persona | Miranda Salazar, Raquel Leonor |
| Término indicativo de función/relación | sustentante |
| 245 10 - MENCIÓN DE TÍTULO | |
| Título | Rol de seguridad de la Armada de República Dominicana en la protección de la explotación de los recursos pesqueros, provincia Puerto Plata, período 2020-2024 / |
| Mención de responsabilidad, etc. | Raquel Leonor Miranda Salazar, Gelson Andrés Pérez Reyes ; asesor de contenido Newton Davinsy Montás Peláez ; asesor metodológico Marcos Mateo Capellan. |
| 260 ## - PUBLICACIÓN, DISTRIBUCIÓN, ETC. | |
| Lugar de publicación, distribución, etc. | Santo Domingo, República Dominicana : |
| Nombre del editor, distribuidor, etc. | UNADE, |
| Fecha de publicación, distribución, etc. | 2025. |
| 300 ## - DESCRIPCIÓN FÍSICA | |
| Extensión | xvii, 100, [18] páginas : |
| Otras características físicas | Gráficas, mapas. |
| 502 ## - NOTA DE TESIS | |
| Nota de tesis | Tesis y trabajos de grado (Maestría en Seguridad y Defensa Nacional)--Universidad para la Defensa "General Juan Pablo Duarte y Díez", Santo Domingo, 2025. |
| 504 ## - NOTA DE BIBLIOGRAFÍA, ETC. | |
| Nota de bibliografía, etc. | Incluye referencias bibliográficas, apéndices y anexos. |
| 505 ## - NOTA DE CONTENIDO CON FORMATO | |
| Nota de contenido con formato | Antecedentes y marco legal en el contexto del rol de seguridad de la Armada de República Dominicana en la protección de los recursos pesqueros -- Aspectos sobre la gobernanza en el rol de seguridad de la Armada de República Dominicana en la protección de los recursos pesqueros de la provincia de Puerto Plata, en el período 2020-2024 -- Rol de seguridad de la Armada de República Dominicana en la protección de la explotación de los Recursos pesqueros en la provincia de Puerto Plata. |
| 520 ## - SUMARIO, ETC. | |
| Sumario, etc. | La presente tesis tiene como objetivo general, analizar el rol de seguridad de la Armada de República Dominicana en la protección de la explotación de los recursos pesqueros en la provincia de Puerto Plata, durante el período 2020-2024. el marco metodológico se sustentó en un enfoque mixto predominante cualitativo, con un diseño no experimental de corte transversal, empleando la triangulación de fuentes mediante revisión documental, entrevistas a actores clave y encuestas para validar los hallazgos. Como conclusión más significativa, se determina que la Armada desempeña un papel determinante y socialmente legitimado; no obstante, su efectividad operativa se ve severamente comprometida por limitaciones estructurales en infraestructura y unidades navales, tecnología y capacitación técnica, lo cual genera una vulnerabilidad estratégica frente a la pesca ilegal. En respuesta, la recomendación principal insta a desarrollar e implementar el "Plan de fortalecimiento de la soberanía y protección de recursos marítimos - Costa Norte 2025-2030, enfocado en la modernización de la Flota, la adopción de un Sistema Integrado de Vigilancia Marítima y la profesionalización especializada del personal para garantizar la conservación de los recursos pesqueros marinos y el desarrollo sostenible en la provincia de Puerto Plata. |
| 650 ## - PUNTO DE ACCESO ADICIONAL DE MATERIA--TÉRMINO DE MATERIA | |
| Término de materia o nombre geográfico como elemento de entrada | Recursos Pesqueros |
| Subdivisión general | protección |
| Subdivisión geográfica | Puerto Plata |
| 651 ## - PUNTO DE ACCESO ADICIONAL DE MATERIA--NOMBRE GEOGRÁFICO | |
| Nombre geográfico | República Dominicana |
| Subdivisión general | Armada |
| 700 1# - PUNTO DE ACCESO ADICIONAL--NOMBRE DE PERSONA | |
| Código de función/relación | Pérez Reyes, Gelson Andrés |
| Término indicativo de función/relación | sustentante |
| 700 1# - PUNTO DE ACCESO ADICIONAL--NOMBRE DE PERSONA | |
| Nombre de persona | Montás Peláez, Newton Davinsy |
| Término indicativo de función/relación | asesor de contenido |
| 700 1# - PUNTO DE ACCESO ADICIONAL--NOMBRE DE PERSONA | |
| Nombre de persona | Mateo Capellan, Marcos |
| Término indicativo de función/relación | asesor metodológico |
| 942 ## - ELEMENTOS DE PUNTO DE ACCESO ADICIONAL (KOHA) | |
| Fuente del sistema de clasificación o colocación | Clasificación Local |
| Tipo de ítem Koha | Tesis |
| Estado de retiro | Estado de pérdida | Fuente del sistema de clasificación o colocación | Estado dañado | No para préstamo | Código de colección | Localización permanente | Ubicación/localización actual | Ubicación en estantería | Fecha de adquisición | Número de inventario | Total de préstamos | Signatura topográfica completa | Código de barras | Fecha visto por última vez | Número de copia | Precio válido a partir de | Tipo de ítem Koha |
|---|---|---|---|---|---|---|---|---|---|---|---|---|---|---|---|---|---|
| Clasificación Local | Trabajos de Grado e Investigción | SIBM UNADE - Biblioteca Sede Central | SIBM UNADE - Biblioteca Sede Central | En estantería | 01/28/2026 | 25-02505 | CT MA-SDN 0012 EGAEE 2025 | 25-02505 | 01/28/2026 | 1 | 01/28/2026 | Tesis |
